000 00514nam a22001457a 4500
008 160812b xxu||||| |||| 00| 0 eng d
050 _aBS2595.3.T471
100 _aThompson, George Harry Parkwood
_924961
245 _aThe Gospel according to Luke
_b:in the revised standard version
_c/George Harry Packwood Thompson
260 _aOxford
_bClaredon Press
_c1972
300 _a291p.;
_c19cm.
440 _aThe new clarendon bible
_924962
650 _aBible N.T. Luke
_xCommentaries
_915294
942 _2lcc
_cMONOGRAPH
999 _c124969
_d124969